A comparison of preservice and in-service earth and space science teachers' general mental abilities, content knowledge, and problem-solving skills (Record no. 64468)

MARC details
000 -CABECERA
campo de control de longitud fija 00793nam a2200241 a 4500
005 - FECHA Y HORA DE LA ÚLTIMA TRANSACCIÓN
campo de control 20210219152940.0
008 - ELEMENTOS DE LONGITUD FIJA--INFORMACIÓN GENERAL
campo de control de longitud fija 991125n 000 0 eng u
035 ## - NÚMERO DE CONTROL DEL SISTEMA
Número de control de sistema UPN01000068276
100 ## - ASIENTO PRINCIPAL--NOMBRE PERSONAL
Nombre de persona Barba, Robertta H.
222 ## - TÍTULO CLAVE
Título clave JOURNAL OF RESEARCH IN SCIENCE TEACHING
245 ## - MENCIÓN DE TÍTULO
Título A comparison of preservice and in-service earth and space science teachers' general mental abilities, content knowledge, and problem-solving skills
300 ## - DESCRIPCIÓN FÍSICA
Extensión 1021-1035
362 ## - FECHAS DE PUBLICACIÓN Y/O DESIGNACIÓN SECUENCIAL
Fecha de publicación y/o designación secuencial 29, No. 10, 1992
505 ## - NOTA DE CONTENIDO CON FORMATO PREESTABLECIDO
Nota de contenido con formato Mayo 1993
653 0# - TERMINO DE INDIZACION - NO CONTROLADO
Término no controlado CIENCIA DE LA TIERRA
653 0# - TERMINO DE INDIZACION - NO CONTROLADO
Término no controlado EDUCACION CIENTIFICA
653 0# - TERMINO DE INDIZACION - NO CONTROLADO
Término no controlado EDUCACION DEL MAESTRO EN CONSERVACION
653 0# - TERMINO DE INDIZACION - NO CONTROLADO
Término no controlado EDUCACION SUPERIOR
653 0# - TERMINO DE INDIZACION - NO CONTROLADO
Término no controlado FORMACION DE MAESTROS
700 ## - ASIENTO SECUNDARIO--NOMBRE DE PERSONAL
Nombre de persona Rubba, Peter A.
904 ## - ELEMENTOS DE DATOS D LOCAL, LDD (RLIN)
a AC
b 006087
905 ## - TIPO DE MATERIAL
Tipo de material Articulo

No items available.